Países Insulares en el Océano Pacífico - Estadísticas

Estadísticas generales
  • Esta prueba ha sido intentada 3.283 veces
  • La puntuación promedio es 17 de 19
Estadísticas de respuestas
km2 País % Correcto
1,904,569 Indonesia
96%
270,467 Nueva Zelanda
96%
377,930 Japón
93%
28,896 Islas Salomón
92%
342,353 Filipinas
91%
181 Islas Marshall
91%
18,272 Fiyi
90%
702 Micronesia
90%
26 Tuvalu
90%
462,840 Papua Nueva Guinea
89%
21 Nauru
88%
2,842 Samoa
88%
12,189 Vanuatu
88%
811 Kiribati
86%
747 Tonga
85%
459 Palaos
84%
36,193 Taiwán
84%
5,765 Brunéi
71%
710 Singapur
69%
No se encontraron pruebas coincidentes
Distribución de puntuación
Porcentaje de gente con cada puntuación
Porcentaje por número respondido
Historial de tus puntuaciones
No has intentado esta prueba.